000 00365nam a22001577a 4500
003 OSt
005 20240321115505.0
008 170717b xxu||||| |||| 00| 0 eng d
020 _a 978-0470843598
040 _cSEROSOFT
100 _aPAUL D BATES
245 _aCOMPUTATIONAL FLUID DYNAMICS
260 _aINDIA
_bWILLY
_c2013
300 _a531
942 _2ddc
_c03
999 _c35881
_d35881